Financial Accounting &n Reporting (Record no. 2757)

MARC details
000 -LEADER
fixed length control field 00554nam a2200157 4500
020 ## - INTERNATIONAL STANDARD BOOK NUMBER
ISBN 1581940335
050 ## - CALL NUMBER
Classification number HF 5657
Item number .G47
100 ## - AUTHOR
Personal name Irwin N. Gleim
110 ## - AUTHOR
CORPORATE AUTHOR Dale L. Flesher
245 ## - TITLE
Title Financial Accounting &n Reporting
250 ## - EDITION
Edition statement 9th ed.
260 ## - PUBLICATION INFORMATION
Place of publication USA
Name of publisher Gleim publications
Year of publication 1998
300 ## - DESCRIPTION
Number of Pages viii, 520
505 ## - FORMATTED CONTENTS NOTE
Table of Content Accounting standards<br/>Financial statements<br/>Conceptual framework<br/>Assets<br/>Liabilities<br/>Shareholders equity<br/>Other income items<br/>Other reporting issues<br/>Financial statement analysis<br/>External auditing
942 ## - ADDED ENTRY ELEMENTS (KOHA)
Koha item type Books
Holdings
Withdrawn status Lost status Collection code Home library Current library Shelving location Date acquired Full call number Accession Number Koha item type
    Reference Methodist University Library Main Methodist University Library Main General Stacks 01/06/2016 HF 5657 .G47 2221 Books
    Reference Methodist University Library Main Methodist University Library Main General Stacks 01/06/2016 HF 5657 .G47 2220 Books
    Reference Methodist University Library Main Methodist University Library Main General Stacks 01/06/2016 HF 5657 .G47 2222 Books
Copyright © 2026  MUG Library